al-Maʻlūm wa-al-majhūl /
Main Author:
Format: Book
Language: Arabic
Published:
al-Qahirah :
Matba'at al-Sha'b,
1909-1911..
Subjects:
Tags: Add Tag
Call Number: PJ7870 .A5 M3 v.1-2
| LEADER | 01008nam a2200229Ia 4500 | ||
|---|---|---|---|
| 003 | OSt | ||
| 005 | 20231210141928.0 | ||
| 008 | 130303m19091911ua cfh 000 0 ara d | ||
| 952 | |0 0 |1 0 |2 lcc |3 V.1-2 |4 0 |6 PJ7870 A5 M3 V.00001-00002 |7 1 |9 57411 |a ARCE |b ARCE |d 2023-12-10 |l 0 |o PJ7870 .A5 M3 v.1-2 |p 1032271 |r 2023-12-10 00:00:00 |w 2023-12-10 |y BK | ||
| 999 | |c 26189 |d 26189 | ||
| 040 | |c ARCE Library | ||
| 043 | |a a-tu--- | ||
| 050 | 4 | |a PJ7870 .A5 M3 v.1-2 | |
| 100 | 1 | |6 880-01 |a Yakan, Walī al-Dīn, |d 1873-1921, |e author | |
| 245 | 1 | 3 | |6 880-02 |a al-Maʻlūm wa-al-majhūl / |c Walī al-Dīn Yakan. |
| 264 | 1 | |a al-Qahirah : |b Matba'at al-Sha'b, |c 1909-1911.. | |
| 300 | |a 2 volumes in 1 : |b facsimiles, plates, portraties ; |c 24 cm. | ||
| 650 | 0 | |a Arabic essays. | |
| 880 | 1 | |6 100-01/(3/r |a يكن، ولي الدين، |d 1873-1921. | |
| 880 | 1 | 2 | |6 245-02/(3/r |a المعلوم و المجهول |c ولي الدين يكن |
| 901 | |a reviewed | ||
| 942 | |c BK |2 lcc | ||
